000 01301nam a2200409 c 4500
999 _c88428
_d88428
003 BLK
005 20250517160442.0
008 180408b bul|||||r ||||||| ||bul||
010 _aKNG00093092000
020 _a978-954-337-107-5
040 _aBLK
041 _aBUL
_cBUL
072 7 _2bullib
_aН79
_xСпорт Н
080 _aФутбол
_b796.332
_x(497.215)(091)
_z796.332(497.215)(091)
100 1 _aИлиев, Юлиян Стефанов
_eпърви автор
_9303163
139 _aИлиев, Юлиян Стефанов
_bИ 52
245 1 0 _aФутболът в Русе
_cЮлиян Стефанов Илиев.
257 _aBGR
260 _bАвангард принт
_c2010
300 _a284 с.
_bс ил.
_c20 см
380 _a79
500 _a150 тир.
650 4 _aФутбол - Русе - история
_9303164
651 4 _aРусе
_9179462
651 4 _aБългария
_9241624
653 _aфутбол
653 _aистория
659 _aН
852 _aЦб 254675
852 _aК 796/799/И 52 Ю
856 4 _qpdf
856 4 _qpdf
942 _cKNG
_n0
_015
_s1
944 _aCR
_c26.03.2012
_lКети Илиева
_k30550
944 _aED
_c30.03.2017
_lф /
_kПенка_Димитрова
999 _d88428